South Eastern Kenya University

Library Online Public Access Catalogue


Dr. Spock's baby and child care / (Record no. 13087)

MARC details
000 -LEADER
fixed length control field 00775pam a2200265 a 4500
003 - CONTROL NUMBER IDENTIFIER
control field OSt
005 - DATE AND TIME OF LATEST TRANSACTION
control field 20160428095819.0
008 - FIXED-LENGTH DATA ELEMENTS--GENERAL INFORMATION
fixed length control field 980406s1998 nyua 001 0 eng
020 ## - INTERNATIONAL STANDARD BOOK NUMBER
International Standard Book Number 0671537636
040 ## - CATALOGING SOURCE
Original cataloging agency SEKU
050 00 - LIBRARY OF CONGRESS CALL NUMBER
Classification number RJ 61
Item number .S6 1998
100 1# - MAIN ENTRY--PERSONAL NAME
Personal name Spock, Benjamin
245 10 - TITLE STATEMENT
Title Dr. Spock's baby and child care /
Statement of responsibility, etc. Benjamin Spock, and Steven J. Parker ; illustrations by Sharon Scotland.
246 30 - VARYING FORM OF TITLE
Title proper/short title Doctor Spock's baby and child care
250 ## - EDITION STATEMENT
Edition statement Rev. and updated 7th ed.
260 ## - PUBLICATION, DISTRIBUTION, ETC. (IMPRINT)
Place of publication, distribution, etc. New York :
Name of publisher, distributor, etc. Pocket Books,
Date of publication, distribution, etc. 1998.
300 ## - PHYSICAL DESCRIPTION
Extent xxxi, 939 p. :
Other physical details ill. ;
Dimensions 21 cm.
500 ## - GENERAL NOTE
General note Includes index.
650 #0 - SUBJECT ADDED ENTRY--TOPICAL TERM
Topical term or geographic name as entry element Infants
General subdivision Care.
650 #0 - SUBJECT ADDED ENTRY--TOPICAL TERM
Topical term or geographic name as entry element Child care.
650 #0 - SUBJECT ADDED ENTRY--TOPICAL TERM
Topical term or geographic name as entry element Child rearing.
700 1# - ADDED ENTRY--PERSONAL NAME
Personal name Parker, Steven
942 ## - ADDED ENTRY ELEMENTS (KOHA)
Source of classification or shelving scheme Library of Congress Classification
Koha item type General circulation
Holdings
Withdrawn status Lost status Source of classification or shelving scheme Damaged status Not for loan Home library Current library Shelving location Date acquired Source of acquisition Total Checkouts Full call number Barcode Date last seen Price effective from Koha item type Public note
    Library of Congress Classification     Main Campus Library Main Campus Library General Stacks 28/04/2016 Donation - Books for Africa   RJ 61 .S6 1998 2015/009807 28/04/2016 28/04/2016 General circulation JTH
Kitui, Kenya.
+254736116989
library@seku.ac.ke